000 00447nam a2200181Ia 4500
003 OSt
005 20260507151633.0
008 250729s2007 xx 000 0 und d
040 _cAL
041 _akan
082 _a494.507
_b KONB
100 _aDr.R.Obalesha Gatty
_9230059
245 _aBhashe mattu kannada bhodhane
260 _aGadaga
_bVidhyanidhi Prakashan
_c2007
300 _a396p
650 _aKannada
_9230060
942 _2ddc
_cBED
999 _c238592
_d238592